<?xml version="1.0" encoding="UTF-8"?>
<record
    xmlns:xsi="http://www.w3.org/2001/XMLSchema-instance"
    xsi:schemaLocation="http://www.loc.gov/MARC21/slim http://www.loc.gov/standards/marcxml/schema/MARC21slim.xsd"
    xmlns="http://www.loc.gov/MARC21/slim">

  <leader>00846naa a2200193 i 4500</leader>
  <controlfield tag="001">8973</controlfield>
  <controlfield tag="003">KOSZ 005</controlfield>
  <controlfield tag="005">20180427130241.0</controlfield>
  <controlfield tag="008">180313s2000    pl a   f     |100 0 pol</controlfield>
  <datafield tag="040" ind1=" " ind2=" ">
    <subfield code="c">KOSZ 005</subfield>
    <subfield code="a">KOSZ 005</subfield>
    <subfield code="d">KOSZ 005/HR</subfield>
  </datafield>
  <datafield tag="080" ind1=" " ind2=" ">
    <subfield code="a">628.3</subfield>
  </datafield>
  <datafield tag="100" ind1="1" ind2=" ">
    <subfield code="a">PIASKOWSKI, Krzysztof.</subfield>
    <subfield code="d">1998 - .</subfield>
    <subfield code="b">Politechnika Koszali&#x144;ska - Wydzia&#x142; Budownictwa i In&#x17C;ynierii &#x15A;rodowiska,</subfield>
    <subfield code="c">Katedra Technologii Wody i &#x15A;ciek&#xF3;w</subfield>
  </datafield>
  <datafield tag="245" ind1="1" ind2="0">
    <subfield code="a">Zastosowanie zeolit&#xF3;w do oczyszczania &#x15B;ciek&#xF3;w komunalnych /</subfield>
    <subfield code="c">Krzysztof Piaskowski.</subfield>
  </datafield>
  <datafield tag="650" ind1=" " ind2="0">
    <subfield code="a">Oczyszczalnia &#x15B;ciek&#xF3;w.</subfield>
  </datafield>
  <datafield tag="655" ind1=" " ind2="0">
    <subfield code="a">Materia&#x142;y konferencyjne.</subfield>
  </datafield>
  <datafield tag="711" ind1="2" ind2="2">
    <subfield code="a">Forum Zeolitowe</subfield>
    <subfield code="n">(7 ;</subfield>
    <subfield code="d">2000 ;</subfield>
    <subfield code="c">Ko&#x142;obrzeg, Polska)</subfield>
  </datafield>
  <datafield tag="773" ind1="0" ind2=" ">
    <subfield code="i">W :</subfield>
    <subfield code="t">VII Forum Zeolitowe "Zeolity - synteza, adsorpcja, kataliza", Ko&#x142;obrzeg, 1-4 pa&#x17A;dziernika 2000 r. -</subfield>
    <subfield code="d">Ko&#x142;obrzeg, 2001. -</subfield>
  </datafield>
  <datafield tag="942" ind1=" " ind2=" ">
    <subfield code="c">ART</subfield>
    <subfield code="2">UKD</subfield>
  </datafield>
  <datafield tag="999" ind1=" " ind2=" ">
    <subfield code="c">8973</subfield>
    <subfield code="d">8973</subfield>
  </datafield>
</record>
